000 00552nam a2200169Ia 4500
003 GCL
008 140319s9999 xx 000 0 ara d
040 _aGCL /
_cGCL
082 0 4 _a813.03
_bك ق
100 1 _aكونراد , جوزيف
245 1 0 _aقصة الشباب وقلب الظلمات (هدية من الاديب عبدالفتاح الجمل) /
_cكونراد , جوزيف
700 1 _aهدى كمال حبيشة
490 _aالالف كتاب
_v0
650 0 4 _aالادب
650 0 4 _aالادب الانجليزى
942 _2ddc
_cBK
999 _c39645
_d39645